000 00446nam a2200193Ia 4500
008 210210b1948 xxu||||| |||| 00| 0 eng d
041 _aeng
082 _a335/294
100 _aSHARMA (T R)
245 _aLocation of industries in India
260 _aBombay
_bHind Kitabs Ltd.,
_c1948
650 _aof
650 _aLocation
650 _aindustries
650 _aIndia
650 _ain
690 _aIndian Economics
906 _a004637
999 _c127152
_d127152